Statistiken für Harry Potter Allgemeinwissen

Klicken Sie hier um das Quiz zu spielen!

Allgemein

  • Dieses Quiz wurde 3.337 mal gespielt
    (3.010 seit der letzten Aktualisierung)
  • Das Durchschnittsergebnis liegt bei 12 aus 15

Antwortstatistiken

FrageAntwort% Korrekt
Welcher Zauberer, der eine große Rolle in mehreren Teilen spielt, brach aus Azkaban aus?Sirius Black
92%
Was war Harry Potter´s Position im
Spiel Quidditch?
Sucher
92%
Das Getränk aus Hogsmeade?Butterbier
91%
Hermine ist für Draco Malfoy ein...Schlammblut
90%
Wem "gehört" der Zauberspruch
Sectum Sempra?
Severus Snape
85%
Welcher Geist, der durch Hogwarts fliegt,
hat ein Körperteil was beinahe abfällt?
Der Fast Kopflose Nick
84%
Wie heißt das Haustier von Ron?
Krätze
83%
Welches Monster erwartet man dort?Basilisk
81%
Wie heißt die Sprache mit der man
mit Schlangen reden kann?
Parsel
77%
Welches Blut trank Voldemort im
Verbotenem Wald?
Einhornblut
76%
Wie kann man mit einem Zauberspruch
Türen öffnen?
Alohomora
75%
Was Kriegt Harry Potter zu seinem
ersten Spiel von Minerva McGonagall
geschenkt?
Nimbus 2000
75%
Welchen Patronus hat der Professor
Severus Snape?
Hirschkuh
69%
Wo befindet sich der Eingang der
Kammer des Schreckens?
Mädchentoilette
63%
Fluffy ist in der griechischen Mythologie ein?Cerberus
36%

Verteilung der Resultate

Perzentil nach korrekt beantworteten Fragen

Anzahl Personen mit jedem Resultat

Ihre Resultats-Entwicklung

Sie haben dieses Quiz seit der letzten Aktualisierung nicht gespielt